Normal view
MARC view
- Whittaker, J.
Entry Personal Name
001 - CONTROL NUMBER
- control field: 81258
003 - CONTROL NUMBER IDENTIFIER
- control field: NUST
005 - DATE AND TIME OF LATEST TRANSACTION
- control field: 20210805122518.0
008 - FIXED-LENGTH DATA ELEMENTS
- fixed length control field: 210805|| aca||aabn | a|a d
040 ## - CATALOGING SOURCE
- Original cataloging agency: NUST
- Transcribing agency: NUST
100 ## - HEADING--PERSONAL NAME
- Personal name: Whittaker, J.
- Fuller form of name: (Joe)
670 ## - SOURCE DATA FOUND
- Source citation: Work cat.: (NUST)31837: Whittaker, J. (Joe), Graphical Models in Applied Multivariate Statistics , c1990.
